000 00909cam a2200265 4500
001 J1628
008 090401t1993 xxu||||| |||| 00| 0 eng d
035 _a(Sirsi) u44518
041 _aeng
050 _a306.1
110 _aBoard of the Ombudsman for Corporate Estate Agents Company Limited
_9536
245 4 _aThe CEA property index monthly update. - February; April; July 1993 - October 1994; December 1994; February - March 1995
260 _aCambridge
_bBoard of the Ombudsman for Corporate Est
_c1993
300 _a1 folder ; 30cm.
350 _a0
520 _aPublished monthly. SAMPLE COPIES - NOT FOR LOANN.
650 _aCEA PROPERTY INDEX
650 _aCORPORATE ESTATE AGENTS PROPERTY INDEX
650 _aESTATE AGENCY
650 _aHOUSE SALES
650 _aSTATISTICS
690 _aPROPERTY-RESIDENTIAL PROPERTY-RESIDENTIAL PROPERTY MARKET
942 _n0
948 _c04/03/1997
999 _c91553
_d91553